A second course in number theory / (Record no. 190835)
[ view plain ]
| 000 -LEADER | |
|---|---|
| fixed length control field | 01029 a2200169 4500 |
| 003 - CONTROL NUMBER IDENTIFIER | |
| control field | Nust |
| 005 - DATE AND TIME OF LATEST TRANSACTION | |
| control field | 20221116120152.0 |
| 040 ## - CATALOGING SOURCE | |
| Transcribing agency | Nust |
| 082 ## - DEWEY DECIMAL CLASSIFICATION NUMBER | |
| Classification number | 512.81,COH |
| 100 ## - MAIN ENTRY--PERSONAL NAME | |
| Personal name | Cohn, Harvey |
| 9 (RLIN) | 39243 |
| 245 ## - TITLE STATEMENT | |
| Title | A second course in number theory / |
| Statement of responsibility, etc. | Harvey Cohn |
| 260 ## - PUBLICATION, DISTRIBUTION, ETC. | |
| Place of publication, distribution, etc. | New York |
| Name of publisher, distributor, etc. | Wiley |
| Date of publication, distribution, etc. | 1962 |
| 300 ## - PHYSICAL DESCRIPTION | |
| Extent | 276 p.. |
| Other physical details | illus |
| Dimensions | 24 cm. |
| 505 ## - FORMATTED CONTENTS NOTE | |
| Formatted contents note | Introductory Survey (Page-1), Part i. Background Material (Page-9), Characters(Page-22), Some Algebraic Concepts(Page-39), Basis Theorems (Page-54), Further Application of Basis Theorems (page-75), Part.ii Ideal Theory in Quadratic Fields , Unique Factorization and Units (Page-93), Unique Factorization into ideals (Page-113), Norms and Ideal Classes (Page-131), Class \Structure in Quadratic Fields (Page-142), Part iii: Application of Ideal Theory , Class number Formulas and Primes In Arithmetic Progression (Page-159), Quadratic Forms and Ideals (Page-195), Composition Orders and Genera (Page-212). |
| 650 ## - SUBJECT ADDED ENTRY--TOPICAL TERM | |
| Topical term or geographic name entry element | Number theory. |
| 9 (RLIN) | 3455 |
| 942 ## - ADDED ENTRY ELEMENTS (KOHA) | |
| Source of classification or shelving scheme | |
| Koha item type | Book |
| Call number prefix | 512.81,COH |
| Withdrawn status | Lost status | Source of classification or shelving scheme | Damaged status | Not for loan | Permanent Location | Current Location | Shelving location | Date acquired | Full call number | Barcode | Date last seen | Price effective from | Koha item type | Public note |
|---|---|---|---|---|---|---|---|---|---|---|---|---|---|---|
| Military College of Signals (MCS) | Military College of Signals (MCS) | General Stacks | 12/12/2016 | 512.81,COH | MCS36166 | 12/08/2016 | 12/12/2016 | Book | Almirah No.11, Shelf No.4 |
